000 01153nam a22002297a 4500
005 20240724233249.0
008 s2554 th tha d
020 _a9786167522586
041 _atha
050 _aH62.4 ม173 2554
100 0 _aนัทธนัย ประสานนาม, บรรณาธิการ
245 1 0 _aมนุษยศาสตร์ในทศวรรษใหม่ : พลวัตแห่งองค์ความรู้กับพหุลักษณ์ทางวัฒนธรรม
260 3 _aกรุงเทพฯ :
_bคณะมนุษยศาสตร์ มหาวิทยาลัยเกษตรศาสตร์,
_c2554
300 _a399 หน้า :
_b ตาราง ;
_c 26 ซม.
650 0 4 _aวัฒนธรรม -- วิจัย
650 0 4 _aมนุษยศาสตร์ -- วิจัย
850 _aNALT
942 _cRSH
997 _aบ24133
997 _c000000000064202
998 _aนางสาวเบญจลักษณ์ สุทธิวิไล
999 _c64202
_d64202